000 00939nam a22002657a 4500
005 19970904051429.3
008 970904m19271929ii a 001 0aeng
010 _aENG-95801
020 _a9788190173186
_c200.00 (app.)
035 _aEN-79334
037 _bDBAD/PUB
040 _aDPL
082 _a641.5636
245 _aCreative vegetarian cooking
250 _a6th ed.
260 _aNew Delhi
_bScience of the Soul Research Center
_c2008
270 _b New Delhi
_e110 005
_a5 Guru Ravi Dass Marg, Pusa Road,
300 _a155p.
_c24 cm.(Pbk)
500 _aIncludes index
500 _aThe price of the book fixed app. Rs.200.00
650 _aVegetarian cookery
942 _2ddc
_cEN
_mCRE
_h641.5636
999 _c33554
_d33554